[Event "AUTO-OPEN-2171"]
[Site "http://www.queenalice.com/game.php?id=861014"]
[Date "2010.11.19"]
[Round "1"]
[White "cueio"]
[Black "sandromm"]
[Result "0-1"]
[WhiteElo "1464"]
[BlackElo "1807"]

1. c4 Nf6 2. Nc3 g6 3. Nf3 Bg7 4. g3 d6 5. Bg2 O-O 6. O-O e5 7. d3 Bg4 8. Ng5 c6
9. Nce4 h6 10. Nxf6+ Bxf6 11. Ne4 Bg7 12. Be3 Nd7 13. Qd2 f5 14. Nxd6 Nf6 15.
Nxb7 Qd7 16. Bc5 Qxb7 17. Bxf8 Rxf8 18. b4 e4 19. b5 cxb5 20. Rab1 a6 21. Qb4
Bxe2 22. Rfe1 Bxd3 23. Rbc1 Qf7 24. Qd6 Bxc4 25. a3 Ne8 26. Qxa6 Nc7 27. Qb6 Nd5
28. Qc5 Bf6 29. f3 e3 30. h4 Re8 31. Rc3 Nxc3 0-1

[Event "AUTO-OPEN-2171"]
[Site "http://www.queenalice.com/game.php?id=861027"]
[Date "2010.11.19"]
[Round "1"]
[White "FERREIRA16"]
[Black "cueio"]
[Result "1-0"]
[WhiteElo "1871"]
[BlackElo "1488"]

1. e4 c5 2. Nf3 Nc6 3. c3 e6 4. d4 d5 5. e5 Bd7 6. Be2 Nge7 7. O-O cxd4 8. cxd4
Nf5 9. Nc3 Qb6 10. Na4 Qb4 11. a3 Qa5 12. b4 Qd8 13. Nc5 Rb8 14. b5 Na5 15. a4
Be7 16. Nxd7 Qxd7 17. Bd2 Nc4 18. Bxc4 dxc4 19. Bc3 Qd5 20. h3 Nh4 21. Nxh4 Bxh4
22. Qg4 g5 23. g3 Ke7 24. gxh4 gxh4 25. Qxh4+ Kd7 26. Kh2 Rbg8 27. Rg1 Qf3 28.
Bb4 Re8 29. Ra3 Qd5 30. Rg7 Kc7 31. Rxf7+ Kb8 32. Bc5 Rhg8 33. f3 b6 34. Bd6+
Ka8 35. Qxh7 1-0

[Event "AUTO-OPEN-2171"]
[Site "http://www.queenalice.com/game.php?id=861028"]
[Date "2010.11.19"]
[Round "1"]
[White "cueio"]
[Black "FERREIRA16"]
[Result "1-0"]
[WhiteElo "1474"]
[BlackElo "1645"]

1. e4 g6 2. d4 Bg7 3. c4 c5 4. Nf3 cxd4 5. Nxd4 Nc6 6. Be3 d6 7. Nc3 Nf6 8. Be2
O-O 9. O-O e5 10. Ndb5 Ne8 11. c5 Nd4 12. Nxd4 exd4 13. Bxd4 Nf6 14. cxd6 Nd7
15. Nd5 Bxd4 16. Qxd4 b6 17. Ne7+ 1-0

[Event "AUTO-OPEN-2172"]
[Site "http://www.queenalice.com/game.php?id=861454"]
[Date "2010.11.20"]
[Round "1"]
[White "GuilhermeXadrez"]
[Black "cueio"]
[Result "0-1"]
[WhiteElo "1133"]
[BlackElo "1436"]

1. d4 c5 2. e3 Nc6 3. Nf3 Nf6 4. c4 e6 5. Be2 cxd4 6. exd4 d5 7. O-O b6 8. Qa4
Bd7 9. Qb3 Bd6 10. Nc3 Qc7 0-1

[Event "AUTO-OPEN-2172"]
[Site "http://www.queenalice.com/game.php?id=861472"]
[Date "2010.11.20"]
[Round "1"]
[White "cueio"]
[Black "patobesta"]
[Result "0-1"]
[WhiteElo "1512"]
[BlackElo "1769"]

1. d4 d5 2. c4 e6 3. cxd5 exd5 4. Nc3 Nf6 5. Nf3 Be7 6. Bg5 O-O 7. e3 c6 8. Bd3
Bg4 9. Be2 Na6 10. Ne5 Bf5 11. Ng4 Nxg4 12. Bxe7 Qxe7 13. Bxg4 Bxg4 14. f3 Qxe3+
15. Ne2 Bf5 16. Rc1 Nb4 17. Rc3 Nd3+ 18. Rxd3 Bxd3 19. Qxd3 Qxd3 20. Kf2 Rfe8
21. Re1 Qe3+ 22. Kf1 Re6 0-1

[Event "AUTO-OPEN-2172"]
[Site "http://www.queenalice.com/game.php?id=861473"]
[Date "2010.11.20"]
[Round "1"]
[White "patobesta"]
[Black "cueio"]
[Result "1-0"]
[WhiteElo "1783"]
[BlackElo "1442"]

1. d4 c5 2. c4 cxd4 3. Qxd4 Nc6 4. Qd1 e5 5. e4 Nf6 6. Bd3 Bb4+ 7. Bd2 d6 8.
Bxb4 Nxb4 9. Qa4+ Nc6 10. h3 h5 11. Nf3 Bd7 12. Nc3 a6 13. O-O Nd4 14. Qd1 Be6
15. Ng5 Nd7 16. Nxe6 Nxe6 17. Nd5 Nb6 18. b3 Qg5 19. Nxb6 Nf4 20. Qf3 Rb8 21.
Nd5 b5 22. cxb5 axb5 23. Nc7+ Ke7 24. Nxb5 Qh4 25. Rac1 g5 26. Qg3 Qxg3 27. fxg3
Nxd3 28. Rcd1 Nb2 29. Rb1 Rxb5 30. Rxb2 Rb4 31. a3 1-0

[Event "AUTO-INT-1878"]
[Site "http://www.queenalice.com/game.php?id=861654"]
[Date "2010.11.21"]
[Round "1"]
[White "Mars"]
[Black "cueio"]
[Result "1-0"]
[WhiteElo "1571"]
[BlackElo "1476"]

1. d4 d5 2. g3 c5 3. Bg2 Nf6 4. e3 Nc6 5. Nc3 cxd4 6. exd4 e6 7. Bg5 Bd6 8. Nf3
Bd7 9. O-O Qc7 10. Nb5 Qb6 11. Nxd6+ Kd8 12. Nxf7+ 1-0

[Event "AUTO-INT-1878"]
[Site "http://www.queenalice.com/game.php?id=861655"]
[Date "2010.11.21"]
[Round "1"]
[White "cueio"]
[Black "Mars"]
[Result "0-1"]
[WhiteElo "1459"]
[BlackElo "1621"]

1. e4 d5 2. exd5 Qxd5 3. Nc3 Qe6+ 4. Qe2 Qxe2+ 5. Bxe2 e6 6. Nf3 Bb4 7. Nb5 Na6
8. c3 Be7 9. d4 Nf6 10. Bf4 Nd5 11. Bg3 O-O 12. O-O-O Bd7 13. Na3 c5 0-1

[Event "AUTO-INT-1878"]
[Site "http://www.queenalice.com/game.php?id=861674"]
[Date "2010.11.21"]
[Round "1"]
[White "cueio"]
[Black "spawnwolfwolverine"]
[Result "0-1"]
[WhiteElo "1449"]
[BlackElo "1673"]

1. d4 d5 2. c4 dxc4 3. Qa4+ Qd7 4. Qxc4 b6 5. e4 Bb7 6. Nc3 Nc6 7. d5 Ne5 8. Qd4
f6 9. Be3 c5 10. Qd2 a5 11. Bb5 Qxb5 12. Nxb5 Kd7 13. b3 h6 14. O-O-O g5 15. Nf3
Nxf3 16. gxf3 Bg7 17. h3 h5 18. h4 Bh6 19. hxg5 fxg5 20. Rxh5 Nf6 21. Rh3 Ba6
22. a4 Bxb5 23. axb5 Kd6 24. f4 Nxe4 25. Qd3 Nxf2 26. Qg6+ Kd7 0-1

[Event "AUTO-INT-1878"]
[Site "http://www.queenalice.com/game.php?id=861675"]
[Date "2010.11.21"]
[Round "1"]
[White "spawnwolfwolverine"]
[Black "cueio"]
[Result "1-0"]
[WhiteElo "1642"]
[BlackElo "1486"]

1. d4 f5 2. e3 e6 3. g3 c5 4. Bg2 Nc6 5. Ne2 d5 6. O-O Bd6 7. b3 Nf6 8. a4 Bd7
9. Ba3 Qc7 10. Nd2 O-O-O 11. c4 g5 12. cxd5 exd5 13. Bxc5 Bxc5 14. dxc5 h5 15.
Nd4 h4 16. Nxc6 Bxc6 17. b4 hxg3 18. fxg3 Ng4 19. Ra3 Nxh2 20. Rxf5 d4 21. exd4
Qxg3 22. Rxg3 1-0

[Event "Challenge"]
[Site "http://www.queenalice.com/game.php?id=862579"]
[Date "2010.11.22"]
[Round "-"]
[White "kleberrocha"]
[Black "cueio"]
[Result "1-0"]
[WhiteElo "1455"]
[BlackElo "1491"]

1. e4 c5 2. g4 Nc6 3. Bg2 e6 4. d3 d5 5. Ne2 Bd6 6. Nbc3 Bd7 7. exd5 exd5 8. Nb5
Be7 9. Bf4 Qa5+ 10. Nbc3 g5 11. Bd2 Nf6 12. Nxd5 Qb5 13. Nc7+ 1-0